| 000 | 00997akm a2200349a 44500 | ||
|---|---|---|---|
| 008 | 960122s1991 cat | ||
| 041 | _acat | ||
| 080 | _a656.132(038) | ||
| 110 |
_aLa Gabella, Museu Etnològic del Montseny _965006 |
||
| 245 | _aAutocar-òmnibus: Ford-1923 | ||
| 245 | _cArbúcies. Ajuntament. Servei Municipal de Català. | ||
| 245 | _cLa Gabella, Museu Etnològic del Montseny | ||
| 245 | _h[cartell] | ||
| 260 | _a[Barcelona] | ||
| 260 | _bGeneralitat de Catalunya. Direcció General de Política Lingüística | ||
| 260 | _c1991 | ||
| 300 | _bil. | ||
| 500 | _aMaqueta | ||
| 500 | _btermcat | ||
| 520 | _a21 | ||
| 591 | _a3346 | ||
| 592 | _aObra terminològica | ||
| 593 | _aLE | ||
| 594 | _a3346 | ||
| 650 |
_aautobusos _965008 |
||
| 710 |
_aArbúcies. Ajuntament. Servei Municipal de Català _965007 |
||
| 901 | _c[<1991>] | ||
| 902 | _a960122 | ||
| 942 |
_cMO _n0 |
||
| 999 |
_c54140 _d54140 |
||